[Event "Paris-ch op-B"]
[Site "Paris"]
[Date "2002.07.11"]
[Round "6.11"]
[White "Bosel, Gunter"]
[Black "Briand, Patrice"]
[Result "0-1"]
[WhiteElo "1920"]
[BlackElo "1850"]
[PlyCount "66"]
[EventDate "2002.07.06"]
[EventType "swiss"]
[EventRounds "7"]
[EventCountry "FRA"]
[SourceTitle "EXT 2003"]
[Source "ChessBase"]
[SourceDate "2002.11.25"]
[SourceVersion "1"]
[SourceVersionDate "2002.11.25"]
[SourceQuality "1"]

1. c4 e5 2. Nc3 Nf6 3. g3 Be7 4. Bg2 c6 5. Nf3 d6 6. d3 0-0 7. h3 d5 8. cxd5 cxd5 9. Nxe5 d4 10. 0-0 dxc3 11. bxc3 Qc7 12. Nc4 Nc6 13. Bd2 Be6 14. Ne3 Qd7 15. Kh2 Rac8 16. Qa4 a6 17. f4 Qc7 18. Bf3 g6 19. d4 Qd7 20. Bg2 h5 21. Nd1 Bd5 22. Bf3 Bxf3 23. exf3 h4 24. g4 Bd6 25. Nf2 Rfe8 26. Rfe1 Rxe1 27. Rxe1 Ne5 28. Qxd7 Nxf3+ 29. Kh1 Nxd7 30. Ne4 Bxf4 31. Rf1 Nxd2 32. Rxf4 Nxe4 33. Rxe4 Rxc3 0-1

[Event "Paris-ch op-B"]
[Site "Paris"]
[Date "2002.07.08"]
[Round "3.13"]
[White "Briand, Patrice"]
[Black "Ip, Vincent"]
[Result "0-1"]
[WhiteElo "1850"]
[BlackElo "1950"]
[PlyCount "52"]
[EventDate "2002.07.06"]
[EventType "swiss"]
[EventRounds "7"]
[EventCountry "FRA"]
[SourceTitle "EXT 2003"]
[Source "ChessBase"]
[SourceDate "2002.11.25"]
[SourceVersion "1"]
[SourceVersionDate "2002.11.25"]
[SourceQuality "1"]

1. e4 c5 2. Nf3 Nc6 3. Nc3 g6 4. b3 Bg7 5. Bb2 d6 6. Bc4 e6 7. Qc1 Nf6 8. 0-0 0-0 9. h3 a6 10. a4 d5 11. exd5 exd5 12. Be2 Bf5 13. Bd1 Re8 14. d3 Qd6 15. Ne2 d4 16. Ng3 Bd7 17. Qd2 Ne7 18. Re1 Ned5 19. Rxe8+ Rxe8 20. Be2 Nf4 21. Bf1 Bc6 22. Re1 Nxh3+ 23. gxh3 Bxf3 24. Rxe8+ Nxe8 25. Bc1 Be5 26. Ne4 Bh2# 0-1